| 000 | 00339nam a2200133Ia 4500 | ||
|---|---|---|---|
| 008 | 191201s2004 xx 000 0 und d | ||
| 082 |
_a620.112 _bJIA |
||
| 100 | _aJINDAL, U C | ||
| 245 | 0 | _aAdvance Topics of Strength of Materials | |
| 260 |
_aN.Delhi _bGalgatia Pub. Pvt _c2004 |
||
| 300 | _a356 | ||
| 650 | _aB.Tech(ME) | ||
| 942 |
_2ddc _cBK |
||
| 999 |
_c2050 _d2050 |
||